Efektívne techniky extrakcie a stanovenia pesticídov v environmentálnych matricách

Uložené v:
Podrobná bibliografia
Hlavný autor: Fehér, Fruzsina Anna (Autor)
Ďalší autori: Szarka, Agneša (Vedúci práce)
Médium: Rukopis Kniha
Jazyk:Slovak
Vydavateľské údaje: 2025
Predmet:
On-line prístup:http://is.stuba.sk/zp/portal_zp.pl?podrobnosti=183340
Tagy: Pridať tag
Žiadne tagy, Buďte prvý, kto otaguje tento záznam!

MARC

LEADER 00000ntm a22000003a 4500
001 stuzp105148
003 SK-STU
005 20250607211205.0
007 ta
008 150427s2015----xo-----f-mn---000-0-slo-d
040 |a STU  |b slo 
041 0 |a slo 
100 1 |a Fehér, Fruzsina Anna  |u 041000  |4 aut  |U FCHPT Fakulta chemickej a potravinárskej technológie  |T FCHPT Ústav analytickej chémie  |X 110575  |U C1000  |Y 99  |7 110575 
242 0 1 |a Efficient extraction and determination techniques for pesticides in environmental matrices  |y eng 
245 1 0 |a Efektívne techniky extrakcie a stanovenia pesticídov v environmentálnych matricách 
260 |c 2025 
650 4 |a mass spectrometry  |2 eng 
650 4 |a gas chromatography  |2 eng 
650 4 |a dispersive liquid-liquid microextraction  |2 eng 
650 4 |a accelerated solvent extraction  |2 eng 
650 4 |a pesticides  |2 eng 
650 4 |a soil  |2 eng 
650 4 |a hmotnostná spektrometria  |2 slo 
650 4 |a disperzná mikroextrakcia v systéme kvapalina-kvapalina  |2 slo 
650 4 |a urýchlená extrakcia rozpúšťadlom  |2 slo 
650 4 |a plynová chromatografia  |2 slo 
650 4 |a pesticídy  |2 slo 
650 4 |a pôda  |2 slo 
700 1 |a Szarka, Agneša  |u 041000  |k Z2  |4 ths  |U FCHPT Fakulta chemickej a potravinárskej technológie  |T FCHPT Ústav analytickej chémie  |X 40268  |U C1000  |Y 99  |7 A000040268 
856 4 |u http://is.stuba.sk/zp/portal_zp.pl?podrobnosti=183340